000 00405cam a2200169 4500
001 D14054
008 090401t1920 xxu||||| |||| 00| 0 eng d
035 _a(Sirsi) u13222
041 _aeng
100 _aThrelfall, H.
245 2 _aA text-book on surveying and levelling
260 _aLondon
_bCharles Griffin and Co
_c1920
350 _a0
520 _aShelf 136
942 _n0
948 _c04/03/1997
999 _c87071
_d87071